LEADER 00684naa a2200145 i 4500 001 000000324103 003 CaOOAMICUS 005 20180831173437.0 008 180831n it u000 u ita u 013 $a34894 040 $aSeMil$bita 245 13$aLa figura del soffrire nell'esperienza dell'uomo contemporaneo. 650 4$aSofferenza - Teologia.$0(OLS)http://semarc/subject/9100 773 0 $aAngelini, Giuseppe $tSignificato cristiano della sofferenza.$dBrescia : La Scuola, copyr. 1982.$kPubblicazioni della Facoltà teologica dell'Italia settentrionale$gp.7-30$w()52513 996 $6245$aLa figura del soffrire nell'esperienza dell'uomo contemporaneo$9(OLS)http://semarc/title/397451 LEADER 00946nam a2200217 i 4500 001 000000033427 003 CaOOAMICUS 005 20260519114147.0 008 180830s1986 it u000 u ita u 040 $aSeMil$bita 240 10$aHebräisch-Kurzgrammatik.$0(OLS)http://semarc/title/45231 245 10$aCorso di ebraico biblico /$ca cura di Bruno Chiesa. 260 $aBrescia :$bPaideia,$c1986. 300 $a2 v. ;$c24 cm. 650 4$aLingua ebraica biblica - Dizionari, glossari, grammatica, sintassi etc.$0(OLS)http://semarc/subject/296 700 1 $aChiesa, Bruno <1949-2015>.$0(OLS)http://semarc/name/674 774 0 $aStahli, Hans Peter$tGrammatica ebraica.$g1$w()78740 774 0 $aChiesa, Bruno <1949-2015>$tEsercizi, Crestomazia e Glossario.$g2$w()78741 996 $6245$aCorso di ebraico biblico$9(OLS)http://semarc/title/45230 996 $6260$aBrescia :$bPaideia$9(OLS)http://semarc/publisher/29614